[Event "Riga Tech Open A 2016"]
[Site "Riga LAT"]
[Date "2016.08.08"]
[Round "1.1"]
[White "Stepins, Edgars"]
[Black "Bachmann, Axel"]
[Result "1-0"]
[BlackTitle "GM"]
[WhiteElo "2258"]
[BlackElo "2656"]
[WhiteFideId "11602422"]
[BlackFideId "3700488"]
[EventDate "2016.08.08"]

1. d4 Nf6 2. Nf3 g6 3. c4 Bg7 4. g3 O-O 5. Bg2 d6 6. O-O Nbd7 7. Nc3 e5 8. dxe5
dxe5 9. Qc2 c6 10. Rd1 Qe7 11. h3 Re8 12. Be3 Nb6 13. b3 Bf5 14. Qc1 e4 15. Nd4
Bd7 16. a4 Rad8 17. a5 Nc8 18. Ra2 Nd6 19. Qa3 Bf8 20. Rad2 b6 21. axb6 axb6 22.
Nc2 Qe5 23. Qb2 Qh5 24. Rxd6 Bxh3 25. Rxf6 Bg7 26. Rfd6 1-0

[Event "Riga Tech Open A 2016"]
[Site "Riga LAT"]
[Date "2016.08.08"]
[Round "1.2"]
[White "Melkumyan, Hrant"]
[Black "Tokranovs, Dmitrijs"]
[Result "1-0"]
[WhiteTitle "GM"]
[WhiteElo "2650"]
[BlackElo "2257"]
[WhiteFideId "13302485"]
[BlackFideId "11603011"]
[EventDate "2016.08.08"]

1. c4 c6 2. Nf3 d5 3. e3 Nf6 4. Nc3 g6 5. d4 Bg7 6. Be2 O-O 7. O-O b6 8. b4 dxc4
9. Bxc4 c5 10. bxc5 bxc5 11. Ne5 Ba6 12. Bxa6 Nxa6 13. Qa4 cxd4 14. exd4 Nc7 15.
Ba3 Re8 16. Rac1 Ncd5 17. Rfe1 Nxc3 18. Rxc3 e6 19. h3 Qd5 20. Rc7 Qxa2 21. Rxf7
Qd5 22. Rxa7 Red8 23. Bb2 Rab8 24. Nc6 1-0

[Event "Riga Tech Open A 2016"]
[Site "Riga LAT"]
[Date "2016.08.08"]
[Round "1.3"]
[White "Taylor, Adam C"]
[Black "Naroditsky, Daniel"]
[Result "0-1"]
[WhiteTitle "FM"]
[BlackTitle "GM"]
[WhiteElo "2256"]
[BlackElo "2646"]
[WhiteFideId "424668"]
[BlackFideId "2026961"]
[EventDate "2016.08.08"]

1. Nf3 d5 2. d4 Nf6 3. c4 e6 4. g3 dxc4 5. Bg2 Bd7 6. Ne5 Bc6 7. Nxc6 Nxc6 8.
Qa4 Qd7 9. Bxc6 Qxc6 10. Qxc6+ bxc6 11. O-O O-O-O 12. Nc3 Bb4 13. Be3 Nd5 14.
Ne4 h6 15. a3 Ba5 16. Kg2 Rhe8 17. Bd2 Bb6 18. Rfc1 e5 19. dxe5 Rxe5 20. Nc3
Nxc3 21. Bxc3 Rxe2 22. Rf1 Bd4 23. Rac1 c5 24. Kf3 Re6 25. Bxd4 Rxd4 26. Rc2 Rb6
27. Re1 Kd7 28. h4 g6 29. Re5 Rb5 30. Kg2 f6 31. Re3 Rb3 32. Re1 h5 33. Rce2 Kc6
34. Rc1 Kd5 35. Rcc2 Re4 36. Rxe4 Kxe4 37. Rxc4+ Kd5 38. Rc2 c4 39. Rd2+ Kc5 40.
Re2 a5 41. Kf1 c6 42. Ke1 c3 43. Rc2 Kc4 44. bxc3 Rxa3 45. Kd2 a4 46. f3 Rb3 47.
g4 a3 48. Rc1 Rb2+ 0-1

[Event "Riga Tech Open A 2016"]
[Site "Riga LAT"]
[Date "2016.08.08"]
[Round "1.4"]
[White "Hovhannisyan, Robert"]
[Black "Sergin, Mark"]
[Result "1-0"]
[WhiteTitle "GM"]
[WhiteElo "2634"]
[BlackElo "2256"]
[WhiteFideId "13302507"]
[BlackFideId "24615307"]
[EventDate "2016.08.08"]

1. e4 c5 2. Nf3 e6 3. d4 cxd4 4. Nxd4 Nc6 5. Nc3 Qc7 6. g3 a6 7. Bg2 d6 8. O-O
Bd7 9. Re1 Be7 10. Nxc6 Bxc6 11. Qd4 Kf8 12. a4 h5 13. h3 Rd8 14. a5 Bf6 15. Qd3
Ne7 16. Be3 Qb8 17. Rad1 Be8 18. Bf4 Nc8 19. Qc4 Be7 20. Be3 Na7 21. Bb6 Rd7 22.
f4 Qc8 23. Qb3 Nc6 24. Kh1 Bd8 25. Qa3 Be7 26. Qa2 Rh6 27. f5 Ne5 28. Be3 g5 29.
h4 Qd8 30. Rf1 Kg8 31. Bh3 Ng4 32. Bxg4 hxg4 33. Kg2 d5 34. exd5 exd5 35. Nxd5
Rxd5 36. Rxd5 Bc6 37. c4 Rd6 38. Kg1 Bxd5 39. cxd5 Rxd5 40. Qc4 Rd1 41. Qxg4
Rxf1+ 42. Kxf1 Qd3+ 43. Kf2 Qc2+ 44. Kg1 Qb1+ 45. Kg2 Qxb2+ 46. Kh3 Qa1 47. Qf3
gxh4 48. gxh4 Qb2 49. Qg4+ Qg7 50. Qe4 Bd6 51. Qf3 Qe5 52. Bb6 Qh2+ 53. Kg4 Qe5
54. Bd8 Bc7 55. Bxc7 Qxc7 56. Qd5 Qe7 57. Qd4 Qe2+ 58. Kg5 Qg2+ 59. Kh6 Qc6+ 60.
f6 Qc1+ 61. Kh5 Kh8 62. Qg4 Qc5+ 63. Qg5 Qb5 64. Kh6 Qxg5+ 65. hxg5 Kg8 66. g6 1-0

[Event "Riga Tech Open A 2016"]
[Site "Riga LAT"]
[Date "2016.08.08"]
[Round "1.5"]
[White "Kokje, Joris"]
[Black "Kravtsiv, Martyn"]
[Result "0-1"]
[BlackTitle "GM"]
[WhiteElo "2250"]
[BlackElo "2631"]
[WhiteFideId "1051024"]
[BlackFideId "14113147"]
[EventDate "2016.08.08"]

1. d4 Nf6 2. c4 e6 3. Nf3 d5 4. g3 Nbd7 5. Bg2 dxc4 6. O-O Rb8 7. Qa4 b5 8. Qxa7
Nd5 9. Nc3 Rb7 10. Qa8 Rb8 11. Qa7 Rb7 12. Qa8 c6 13. e4 N7b6 14. Qa6 Nxc3 15.
bxc3 Rb8 0-1

[Event "Riga Tech Open A 2016"]
[Site "Riga LAT"]
[Date "2016.08.08"]
[Round "1.6"]
[White "Goganov, Aleksey"]
[Black "Emdin, Mark"]
[Result "1-0"]
[WhiteTitle "GM"]
[WhiteElo "2627"]
[BlackElo "2247"]
[WhiteFideId "24109959"]
[BlackFideId "4100050"]
[EventDate "2016.08.08"]

1. d4 d5 2. c4 c6 3. Nf3 Nf6 4. e3 Bf5 5. Nc3 e6 6. Nh4 Bg6 7. Be2 Be7 8. O-O
Nbd7 9. g3 O-O 10. Nxg6 hxg6 11. Qc2 Rc8 12. Rd1 Qa5 13. Bd2 Qc7 14. Be1 Qb8 15.
Rac1 b5 16. cxb5 cxb5 17. Qd3 a6 18. a4 Nb6 19. axb5 Nc4 20. Rc2 axb5 21. Nxb5
Qxb5 22. b3 Na3 23. Rxc8 Rxc8 24. Qxb5 Nxb5 25. Bxb5 Ne4 26. Bd3 Nc3 27. Ra1 Bb4
28. Kf1 Kf8 29. g4 g5 30. f3 Rb8 31. Kg2 Rb7 32. h4 gxh4 33. Bxh4 f6 34. Bg6 Ke7
35. Be1 Ne2 36. Kf2 Bxe1+ 37. Kxe1 Ng1 38. Kf2 Nh3+ 39. Kg3 Ng5 40. Rb1 Rb4 41.
f4 Nf7 42. Kf3 Nd8 43. Bc2 Nc6 44. Rh1 Kd6 45. Rh7 Rb7 46. Ke2 Nb4 47. Kd2 Rc7
48. Bg6 Nc6 49. Rh8 e5 50. dxe5+ fxe5 51. f5 e4 52. g5 Ne7 53. Bh7 Nc6 54. Re8
Nb4 55. Re6+ Kc5 56. Bg6 Ra7 57. f6 Ra2+ 58. Kd1 gxf6 59. gxf6 Rf2 60. f7 Nd3
61. Re8 Rf1+ 62. Kd2 Rf2+ 63. Kc3 1-0

[Event "Riga Tech Open A 2016"]
[Site "Riga LAT"]
[Date "2016.08.08"]
[Round "1.7"]
[White "Bente, Bjoern"]
[Black "Fridman, Daniel"]
[Result "0-1"]
[WhiteTitle "FM"]
[BlackTitle "GM"]
[WhiteElo "2243"]
[BlackElo "2620"]
[WhiteFideId "4638611"]
[BlackFideId "11600454"]
[EventDate "2016.08.08"]

1. d4 Nf6 2. Nf3 e6 3. e3 c5 4. Bd3 Nc6 5. O-O b6 6. c4 Bb7 7. Nc3 cxd4 8. exd4
Rc8 9. Re1 Bb4 10. Bg5 h6 11. Bxf6 Qxf6 12. Nd5 Qd8 13. Nxb4 Nxb4 14. Bf1 Bxf3
15. gxf3 O-O 16. Qd2 Qg5+ 17. Qxg5 hxg5 18. Rec1 Nc6 19. Rd1 f6 20. Kg2 Kf7 21.
Kg3 Rh8 22. Rd2 Rh4 23. Rad1 Rch8 24. h3 Ne7 25. c5 Nd5 26. a4 Ke7 27. cxb6 axb6
28. Ra1 Nf4 0-1

[Event "Riga Tech Open A 2016"]
[Site "Riga LAT"]
[Date "2016.08.08"]
[Round "1.8"]
[White "Neiksans, Arturs"]
[Black "Chetverik, Maxim"]
[Result "1-0"]
[WhiteTitle "GM"]
[BlackTitle "IM"]
[WhiteElo "2620"]
[BlackElo "2241"]
[WhiteFideId "11601388"]
[BlackFideId "4106784"]
[EventDate "2016.08.08"]

1. e4 Nf6 2. e5 Nd5 3. d4 d6 4. c4 Nb6 5. exd6 cxd6 6. Nc3 g6 7. Be3 Bg7 8. Rc1
O-O 9. b3 Bf5 10. h3 d5 11. c5 Nc8 12. g4 Bd7 13. Bg2 e6 14. Nf3 Nc6 15. O-O b6
16. Qd2 bxc5 17. dxc5 Qa5 18. Bh6 N8e7 19. Bxg7 Kxg7 20. Qb2 f6 21. g5 Qb4 22.
gxf6+ Rxf6 23. a3 Qf4 24. Ne2 Qc7 25. b4 a6 26. Nh2 e5 27. f4 Raf8 28. fxe5
Rxf1+ 29. Rxf1 Rxf1+ 30. Nxf1 Qxe5 31. Qxe5+ Nxe5 32. Ne3 Nc4 33. Nxc4 dxc4 34.
Kf2 Kf6 35. Ke3 Ke5 36. Kd2 Nf5 37. Bb7 Bb5 38. Nc3 Nd4 39. h4 Nb3+ 40. Kc2 Nd4+
41. Kb2 h6 42. a4 Bd7 43. Bxa6 Nf3 44. Bb7 Bg4 45. a5 1-0

[Event "Riga Tech Open A 2016"]
[Site "Riga LAT"]
[Date "2016.08.08"]
[Round "1.9"]
[White "Ni, Viktorija"]
[Black "Kovalev, Vladislav"]
[Result "1/2-1/2"]
[WhiteTitle "WIM"]
[BlackTitle "GM"]
[WhiteElo "2241"]
[BlackElo "2608"]
[WhiteFideId "11602252"]
[BlackFideId "13504398"]
[EventDate "2016.08.08"]

1. d4 Nf6 2. c4 g6 3. Nc3 Bg7 4. e4 d6 5. Bg5 O-O 6. Qd2 c5 7. d5 b5 8. cxb5 a6
9. a4 Qa5 10. Ra3 Qb4 11. f3 axb5 12. Bxb5 Ba6 13. Na2 Qxd2+ 14. Bxd2 Bxb5 15.
axb5 Nbd7 16. Ne2 Ne5 17. Bc1 Nfd7 18. Kd1 Rab8 19. Nec3 Nd3 20. Kc2 Nb4+ 21.
Kb1 Rb7 22. Ra5 Ne5 23. Nxb4 cxb4 24. Na2 f5 25. exf5 Nc4 26. Ra4 Nb6 27. Ra5 b3
28. Nb4 Rxf5 29. Rd1 Re5 30. Nc6 Re2 31. Ra6 Rxg2 32. Na5 Rb8 33. Nc6 Rb7 34.
Na5 Rb8 35. Nc6 Rb7 36. Na5 1/2-1/2

[Event "Riga Tech Open A 2016"]
[Site "Riga LAT"]
[Date "2016.08.08"]
[Round "1.10"]
[White "Stupak, Kirill"]
[Black "Berzina, Ilze"]
[Result "1-0"]
[WhiteTitle "GM"]
[BlackTitle "WGM"]
[WhiteElo "2575"]
[BlackElo "2239"]
[WhiteFideId "13503758"]
[BlackFideId "11601345"]
[EventDate "2016.08.08"]

1. d4 d5 2. Nf3 Nf6 3. c4 c6 4. Nc3 dxc4 5. a4 Bf5 6. Ne5 e6 7. f3 Bb4 8. Bg5 h6
9. Bh4 c5 10. dxc5 Qxd1+ 11. Rxd1 Bc2 12. Rd2 Bxc3 13. bxc3 Bxa4 14. Nxc4 O-O
15. e4 Nbd7 16. Bf2 Rfc8 17. Nd6 Rc7 18. Ra2 Bc6 19. Be2 a6 20. O-O e5 21. Rb1
Ne8 22. Nc4 Rac8 23. Na5 Nef6 24. Bc4 Bb5 25. Bxb5 axb5 26. Nb3 b6 27. cxb6 Rxc3
28. b7 Rb8 29. Ra8 Kh7 30. Nc5 b4 31. Nxd7 Nxd7 32. Rxb8 Nxb8 33. Ba7 1-0

[Event "Riga Tech Open A 2016"]
[Site "Riga LAT"]
[Date "2016.08.08"]
[Round "1.11"]
[White "Davletbayeva, Madina"]
[Black "Aleksandrov, Aleksej"]
[Result "1-0"]
[WhiteTitle "WIM"]
[BlackTitle "GM"]
[WhiteElo "2235"]
[BlackElo "2563"]
[WhiteFideId "13703595"]
[BlackFideId "13500139"]
[EventDate "2016.08.08"]

1. e4 e5 2. Nf3 Nc6 3. Bc4 Bc5 4. c3 Nf6 5. d4 exd4 6. cxd4 Bb4+ 7. Bd2 Nxe4 8.
Bxb4 Nxb4 9. Bxf7+ Kxf7 10. Qb3+ Kf8 11. Qxb4+ Qe7 12. Qxe7+ Kxe7 13. O-O Re8
14. Re1 Kf8 15. Nbd2 Nf6 16. Rxe8+ Kxe8 17. Rc1 Kd8 18. Ng5 d6 19. Rc3 a5 20. a4
Ra6 21. Nf7+ Kd7 22. Nc4 Ke7 23. Ng5 h6 24. Re3+ Kf8 25. Ne6+ Kg8 26. b3 d5 27.
Nc5 dxc4 28. Nxa6 bxa6 29. bxc4 Kf7 30. Re5 Nd7 31. Rxa5 Ke6 32. f4 c5 33. dxc5
Nb8 34. c6 Nxc6 35. Rd5 a5 36. Kf2 Ba6 37. f5+ Ke7 38. g4 Bc8 39. Ke3 Bd7 40.
Kf4 Be8 41. h4 g6 42. g5 hxg5+ 43. Kxg5 gxf5 44. h5 Nd8 45. Rxd8 Bxh5 46. Ra8
Be2 47. c5 Bd3 48. c6 1-0

[Event "Riga Tech Open A 2016"]
[Site "Riga LAT"]
[Date "2016.08.08"]
[Round "1.12"]
[White "Mastrovasilis, Athanasios"]
[Black "Meessen, Rudolf"]
[Result "1/2-1/2"]
[WhiteTitle "GM"]
[BlackTitle "FM"]
[WhiteElo "2555"]
[BlackElo "2224"]
[WhiteFideId "4201990"]
[BlackFideId "202029"]
[EventDate "2016.08.08"]

1. Nf3 e6 2. g3 f5 3. Bg2 Nf6 4. c4 Be7 5. Nc3 O-O 6. O-O Nc6 7. d4 d6 8. d5 Ne5
9. Nxe5 dxe5 10. Qb3 exd5 11. cxd5 Rf7 12. Bg5 Bd6 13. Nb5 a6 14. Nxd6 cxd6 15.
a4 b5 16. Rfc1 bxa4 17. Rxa4 Bd7 18. Rac4 Rb8 19. Qa3 h6 20. Bd2 Ne8 21. Ba5 Qf6
22. Qc3 Rb5 23. b4 Kh7 24. e3 Qg6 25. f4 e4 26. Rd4 Rb8 27. Bf1 Bb5 28. Qe1 Rd7
29. Rc6 Qf7 30. Qd2 Nf6 1/2-1/2

[Event "Riga Tech Open A 2016"]
[Site "Riga LAT"]
[Date "2016.08.08"]
[Round "1.14"]
[White "Chigaev, Maksim"]
[Black "Kumala, Aleksander"]
[Result "1-0"]
[WhiteTitle "IM"]
[WhiteElo "2550"]
[BlackElo "2221"]
[WhiteFideId "4108116"]
[BlackFideId "1141880"]
[EventDate "2016.08.08"]

1. e4 e6 2. d4 d5 3. Nd2 a6 4. Ngf3 Nf6 5. e5 Nfd7 6. Bd3 c5 7. c3 Nc6 8. O-O g5
9. dxc5 Ncxe5 10. Nxe5 Nxe5 11. Nb3 Nxd3 12. Qxd3 Bd7 13. Re1 Bb5 14. Qg3 h6 15.
Be3 Rc8 16. a4 Bd7 17. Bd4 f6 18. Qf3 Kf7 19. Na5 Rb8 20. c4 Bg7 21. cxd5 Qxa5
22. dxe6+ Bxe6 23. Qh5+ Ke7 24. Qe2 Rhe8 25. Qxe6+ Kf8 26. Qd6+ Kg8 27. Bc3
Rxe1+ 28. Rxe1 Qd8 29. Ba5 Qf8 30. h3 f5 31. Re7 Bxb2 32. Qe6+ Kh8 33. Rf7 1-0

[Event "Riga Tech Open A 2016"]
[Site "Riga LAT"]
[Date "2016.08.08"]
[Round "1.15"]
[White "Kiltti, Jyrki"]
[Black "Bernadskiy, Vitaliy"]
[Result "1/2-1/2"]
[BlackTitle "GM"]
[WhiteElo "2217"]
[BlackElo "2549"]
[WhiteFideId "501204"]
[BlackFideId "14100371"]
[EventDate "2016.08.08"]

1. d4 Nf6 2. Bf4 g6 3. e3 Bg7 4. Be2 d6 5. h4 h6 6. Nd2 Nc6 7. c3 e5 8. Bg3 Qe7
9. Qb3 O-O 10. d5 Nb8 11. e4 Nbd7 12. O-O-O Nc5 13. Qc2 a5 14. h5 g5 15. f3 Ne8
16. Bf2 f5 17. Bxc5 dxc5 18. exf5 Bxf5 19. Bd3 Bd7 20. g4 Nd6 21. Bh7+ Kh8 22.
Be4 a4 23. Ne2 b5 24. Ng3 b4 25. c4 b3 26. axb3 axb3 27. Nxb3 Ba4 28. Rd3 Rfb8
29. Nf5 Qf6 30. Kd2 Ra6 31. Ra1 Rb4 32. Nxd6 Qf4+ 33. Ke1 Bxb3 34. Rxa6 Bxc2 35.
Ra8+ Bf8 36. Nf5 Bxd3 37. Rxf8+ Kh7 38. Rf7+ Kh8 39. Rf8+ 1/2-1/2

[Event "Riga Tech Open A 2016"]
[Site "Riga LAT"]
[Date "2016.08.08"]
[Round "1.16"]
[White "Moiseenko, Vadim"]
[Black "Diaz Herrero, Alvaro"]
[Result "1/2-1/2"]
[WhiteTitle "IM"]
[WhiteElo "2533"]
[BlackElo "2211"]
[WhiteFideId "4123700"]
[BlackFideId "22201572"]
[EventDate "2016.08.08"]

1. e4 c5 2. f4 d5 3. exd5 Nf6 4. Nf3 Nxd5 5. Bc4 e6 6. O-O Be7 7. Ne5 O-O 8. Qe2
Nb4 9. Bb3 N4c6 10. c3 Nxe5 11. fxe5 Nc6 12. d3 b6 13. Bf4 Ba6 14. Bc2 Nd4 15.
cxd4 Qxd4+ 16. Qf2 Qxb2 17. Na3 Qxa3 18. Qg3 Kh8 19. Qh3 c4 20. Rad1 Rad8 21.
Rf3 cxd3 22. Bb3 Qc5+ 23. Kh1 Bb7 24. Rg3 Be4 25. Qg4 Bg6 26. h4 f5 27. Qf3 Bf7
28. h5 Rg8 29. Rc1 Qd4 30. Rc4 Qa1+ 31. Rc1 Qd4 32. Rc4 Qd7 33. Bd2 Bc5 34. Kh2
Qd5 35. Qf4 Qd7 36. Rh3 Be7 37. Bc3 h6 38. Rd4 Qc7 39. Rdxd3 Rxd3 40. Rxd3 Rd8
41. Rg3 Bg5 42. Qf3 Qe7 43. Rh3 Qd7 44. g4 fxg4 45. Qxg4 Bg8 46. Rf3 Qe7 47. Bb4
Qc7 1/2-1/2

[Event "Riga Tech Open A 2016"]
[Site "Riga LAT"]
[Date "2016.08.09"]
[Round "2.1"]
[White "Merry, Alan B"]
[Black "Melkumyan, Hrant"]
[Result "0-1"]
[WhiteTitle "FM"]
[BlackTitle "GM"]
[WhiteElo "2396"]
[BlackElo "2650"]
[WhiteFideId "418811"]
[BlackFideId "13302485"]
[EventDate "2016.08.08"]

1. e4 c6 2. d4 d5 3. Nd2 dxe4 4. Nxe4 Nf6 5. Nxf6+ exf6 6. c3 Bd6 7. Bd3 Be6 8.
Ne2 Qc7 9. Qc2 Nd7 10. Be3 g6 11. g3 O-O-O 12. O-O-O Rhe8 13. c4 c5 14. h3 cxd4
15. Nxd4 Bc5 16. Bf4 Qb6 17. Nxe6 fxe6 18. Rhf1 Bd4 19. Kb1 Nc5 20. Bc1 Re7 21.
f4 Red7 22. Be2 f5 23. Bf3 a5 24. Rfe1 a4 25. Be3 a3 26. Rxd4 Rxd4 27. Bxd4 Rxd4
28. b3 Rd3 29. Qf2 Qb4 30. Rd1 Ne4 31. Qa7 Rxb3+ 0-1

[Event "Riga Tech Open A 2016"]
[Site "Riga LAT"]
[Date "2016.08.09"]
[Round "2.2"]
[White "Naroditsky, Daniel"]
[Black "Cukrowski, Filip"]
[Result "1-0"]
[WhiteTitle "GM"]
[BlackTitle "FM"]
[WhiteElo "2646"]
[BlackElo "2381"]
[WhiteFideId "2026961"]
[BlackFideId "1171097"]
[EventDate "2016.08.08"]

1. d4 Nf6 2. Bf4 g6 3. Nc3 d5 4. Qd2 Bg7 5. Bh6 O-O 6. O-O-O c6 7. f3 b5 8. Bxg7
Kxg7 9. e4 b4 10. e5 Nfd7 11. Nce2 Qa5 12. Kb1 Nb6 13. Nc1 Nc4 14. Qe1 Nd7 15.
h4 Rb8 16. h5 Rh8 17. hxg6 hxg6 18. Rxh8 Kxh8 19. Qh4+ Kg7 20. Bxc4 dxc4 21.
Nge2 f6 22. Rh1 Nf8 23. Nf4 Kf7 24. Nxg6 b3 25. axb3 cxb3 26. Qh5 bxc2+ 27. Kxc2
Nxg6 28. e6+ 1-0

[Event "Riga Tech Open A 2016"]
[Site "Riga LAT"]
[Date "2016.08.09"]
[Round "2.3"]
[White "Sindarov, Javokhir"]
[Black "Hovhannisyan, Robert"]
[Result "0-1"]
[WhiteTitle "CM"]
[BlackTitle "GM"]
[WhiteElo "2374"]
[BlackElo "2634"]
[WhiteFideId "14205483"]
[BlackFideId "13302507"]
[EventDate "2016.08.08"]

1. e4 c6 2. d4 d5 3. f3 Qb6 4. Nc3 dxe4 5. fxe4 e5 6. Nf3 exd4 7. Qxd4 Qxd4 8.
Nxd4 Bc5 9. Nb3 Bd6 10. g3 Ne7 11. Bg2 Ng6 12. O-O Nd7 13. Bf4 Nde5 14. a4 Be6
15. Rfd1 O-O-O 16. Bf1 Nxf4 17. gxf4 Nf3+ 18. Kg2 Nh4+ 19. Kg3 g5 20. e5 gxf4+
21. Kxh4 Be7+ 22. Kh5 Rdg8 23. Be2 h6 24. Ne4 Rg5+ 25. Kh4 Rg4+ 0-1

[Event "Riga Tech Open A 2016"]
[Site "Riga LAT"]
[Date "2016.08.09"]
[Round "2.4"]
[White "Kravtsiv, Martyn"]
[Black "Devereaux, Maxim L"]
[Result "1-0"]
[WhiteTitle "GM"]
[BlackTitle "IM"]
[WhiteElo "2631"]
[BlackElo "2373"]
[WhiteFideId "14113147"]
[BlackFideId "408280"]
[EventDate "2016.08.08"]

1. e4 c5 2. Nf3 Nc6 3. d4 cxd4 4. Nxd4 g6 5. c4 Bg7 6. Be3 Nf6 7. Nc3 O-O 8. Be2
d6 9. O-O Bd7 10. f3 Nxd4 11. Bxd4 a5 12. b3 Bc6 13. Qd2 Nd7 14. Be3 Nc5 15.
Rac1 Be5 16. Nd1 Qb6 17. Rb1 Qc7 18. Nf2 Bg7 19. Kh1 Rab8 20. Rfc1 Bd7 21. Nd3
Rfd8 22. Nf4 e6 23. Bf1 Bc6 24. Rc2 b6 25. Qf2 Qe7 26. Rd1 Be5 27. h3 Rd7 28.
Nd3 Bf6 29. Nc1 Bg5 30. a3 Bxe3 31. Qxe3 Qh4 32. Rcd2 Qg3 33. Ne2 Qe5 34. b4 Na4
35. Nd4 Rc7 36. Nxc6 Rxc6 37. b5 Rcc8 38. Rxd6 Nc5 39. R1d4 Qf6 40. e5 Qe7 41.
g3 Kg7 42. Bg2 Rd8 43. f4 Rxd6 44. exd6 Qf6 45. Kh2 Rd8 46. Rd2 h6 47. Bc6 Qa1
48. d7 f6 49. Rd6 Kf7 50. f5 gxf5 51. Qxh6 Kg8 52. Qg6+ Kf8 53. Qe8+ 1-0

[Event "Riga Tech Open A 2016"]
[Site "Riga LAT"]
[Date "2016.08.09"]
[Round "2.5"]
[White "Soumya, Swaminathan"]
[Black "Goganov, Aleksey"]
[Result "0-1"]
[WhiteTitle "WGM"]
[BlackTitle "GM"]
[WhiteElo "2370"]
[BlackElo "2627"]
[WhiteFideId "5016193"]
[BlackFideId "24109959"]
[EventDate "2016.08.08"]

1. e4 e6 2. d4 d5 3. Nc3 Nf6 4. e5 Nfd7 5. f4 c5 6. Nf3 Nc6 7. Be3 Be7 8. Qd2
O-O 9. dxc5 Nxc5 10. O-O-O a6 11. Qf2 b6 12. f5 Ra7 13. f6 gxf6 14. Bh6 Kh8 15.
Bxf8 Qxf8 16. Nd4 Nxe5 17. Be2 Rc7 18. Kb1 b5 19. a3 Rb7 20. Rhe1 b4 21. axb4
Rxb4 22. Bf1 Bd7 23. Na2 Rb7 24. Nb3 Nxb3 25. cxb3 Rxb3 26. Bxa6 Qa8 27. Bf1 Rb7
28. Nc3 Qa5 29. Rc1 Nc6 30. Bb5 Nb4 31. Bxd7 Rxd7 32. Qg3 Ra7 33. Qb8+ Bd8 34.
Na4 Qxa4 35. Qxd8+ Kg7 0-1

[Event "Riga Tech Open A 2016"]
[Site "Riga LAT"]
[Date "2016.08.09"]
[Round "2.6"]
[White "Fridman, Daniel"]
[Black "Kashtanov, Ruslan"]
[Result "1/2-1/2"]
[WhiteTitle "GM"]
[BlackTitle "IM"]
[WhiteElo "2620"]
[BlackElo "2356"]
[WhiteFideId "11600454"]
[BlackFideId "4124871"]
[EventDate "2016.08.08"]

1. Nf3 Nf6 2. c4 g6 3. g3 Bg7 4. Bg2 c5 5. O-O O-O 6. Nc3 Nc6 7. d4 cxd4 8. Nxd4
Qa5 9. Nb3 Qh5 10. c5 a5 11. e3 a4 12. Qxh5 Nxh5 13. Nd4 Nxd4 14. exd4 Bxd4 15.
Nd5 Kg7 16. Nxe7 Bxc5 17. Nxc8 Raxc8 18. Bxb7 Rb8 19. Bf3 Rfe8 20. Rd1 Nf6 21.
Kf1 h5 22. Rb1 d6 23. Bf4 Rb6 24. b4 axb3 25. Rxb3 Ra6 26. Rd2 Ng4 27. Be2 Ra7
28. Bb5 Rea8 29. f3 Ne5 30. a4 f6 31. h4 Kf7 32. Re2 Rc7 33. Rc3 Raa7 34. Rec2
Re7 35. Rb3 Kg7 36. Bd2 Rec7 37. a5 Nc6 38. Bxc6 Rxc6 39. Rb8 Rcc7 40. Be1 Rcb7
41. Rb2 Rxb2 42. Rxb2 g5 43. Bd2 gxh4 44. gxh4 Kh7 45. Ke2 Rg7 46. a6 Rg2+ 47.
Kd3 Rf2 48. Ke4 Kg6 49. f4 Re2+ 50. Kd5 Kf5 51. Kc6 Kg4 52. Bc3 Re4 53. Bxf6
Rxf4 54. Bd8 Ra4 55. Kb5 Ra3 56. Rg2+ Kf3 57. Rb2 Kg4 58. Rb1 Kg3 59. Bf6 Rf3
60. Be7 Ra3 61. Bd8 Kg4 62. Rc1 Rb3+ 63. Kc6 Ra3 64. Rc4+ Kf5 65. Kb5 Rb3+ 66.
Kc6 Ra3 67. Kb5 Rb3+ 1/2-1/2

[Event "Riga Tech Open A 2016"]
[Site "Riga LAT"]
[Date "2016.08.09"]
[Round "2.7"]
[White "Siva, Mahadevan"]
[Black "Neiksans, Arturs"]
[Result "0-1"]
[WhiteTitle "IM"]
[BlackTitle "GM"]
[WhiteElo "2352"]
[BlackElo "2620"]
[WhiteFideId "25043153"]
[BlackFideId "11601388"]
[EventDate "2016.08.08"]

1. d4 Nf6 2. c4 e6 3. Nf3 b6 4. g3 Ba6 5. Qc2 c5 6. d5 exd5 7. cxd5 Bb7 8. Bg2
Nxd5 9. O-O Be7 10. Rd1 Nc6 11. Qa4 Nf6 12. Nh4 g6 13. Bh6 Bf8 14. Bxf8 Kxf8 15.
Nc3 Kg7 16. Qf4 Qe7 17. Rd6 Ne8 18. Rd2 d6 19. Rad1 Rf8 20. Nb5 Rd8 21. e3 Kg8
22. Nxd6 Nxd6 23. Rxd6 Rxd6 24. Rxd6 Rd8 25. Rd5 Kg7 26. h3 Nd4 27. Rxd4 cxd4
28. Bxb7 dxe3 29. Bf3 e2 30. Bxe2 Qxe2 31. Nf5+ Kf8 32. Qb4+ Kg8 33. Nh6+ Kg7
34. Qf4 Qd1+ 35. Kh2 Qd4 0-1

[Event "Riga Tech Open A 2016"]
[Site "Riga LAT"]
[Date "2016.08.09"]
[Round "2.8"]
[White "Kostin, Konstantin"]
[Black "Stupak, Kirill"]
[Result "1-0"]
[WhiteTitle "FM"]
[BlackTitle "GM"]
[WhiteElo "2340"]
[BlackElo "2575"]
[WhiteFideId "4155882"]
[BlackFideId "13503758"]
[EventDate "2016.08.08"]

1. d4 g6 2. Nf3 Bg7 3. c4 Nf6 4. g3 c5 5. Bg2 Qa5+ 6. Nbd2 cxd4 7. Nxd4 Nc6 8.
Nb3 Qc7 9. c5 b6 10. O-O O-O 11. Ne4 Nxe4 12. Bxe4 bxc5 13. Nxc5 Rb8 14. Nd3 Nd4
15. Bd2 d6 16. Bc3 Ba6 17. Nf4 Qc5 18. Re1 Ne6 19. Nd5 Rfe8 20. Rc1 Qb5 21. Bxg7
Kxg7 22. b4 Bb7 23. a4 Qd7 24. b5 a6 25. Nb6 Qd8 26. Bxb7 Rxb7 27. Rc8 Qxb6 28.
Rxe8 axb5 29. Qa1+ f6 30. Qa2 Qc6 31. Ra8 Qe4 32. Qb1 Qc6 33. Rc1 Qd5 34. e4 Qe5
35. a5 Nd4 36. a6 Rb6 37. Qd3 f5 38. Rd1 Ne6 39. exf5 gxf5 40. Qd2 Qe4 41. Re8
Kf7 42. Rh8 Rxa6 43. Re1 Nd4 44. Rxh7+ Ke8 45. Rxe4 Nf3+ 46. Kg2 Nxd2 47. Rexe7+ 1-0

[Event "Riga Tech Open A 2016"]
[Site "Riga LAT"]
[Date "2016.08.09"]
[Round "2.9"]
[White "Stocek, Jiri"]
[Black "Kaczmarek, Aleksander"]
[Result "0-1"]
[WhiteTitle "GM"]
[BlackTitle "FM"]
[WhiteElo "2550"]
[BlackElo "2333"]
[WhiteFideId "304760"]
[BlackFideId "1178385"]
[EventDate "2016.08.08"]

1. d4 c5 2. d5 e6 3. c4 exd5 4. cxd5 d6 5. Nc3 a6 6. a4 g6 7. e4 Bg7 8. Be3 Ne7
9. Qd2 h6 10. f3 Nd7 11. Nh3 Ne5 12. Nf2 g5 13. h4 gxh4 14. f4 Ng4 15. Nxg4 Bxg4
16. Rxh4 h5 17. Rh1 Ng6 18. Bc4 Qe7 19. e5 dxe5 20. d6 Qd7 21. Ne4 b6 22. Bd5
exf4 23. Bxc5 O-O 24. Bd4 Rae8 25. Bxg7 Kxg7 26. Qd4+ Re5 27. Kd2 f5 28. Rac1
Kh6 29. Rc7 Qd8 30. Nc3 Rf6 31. Re1 Rxe1 32. Kxe1 Rxd6 33. Rb7 Qe8+ 34. Kf1 Qe3
35. Qxe3 fxe3 36. g3 e2+ 37. Kf2 Ne5 38. Nxe2 Bxe2 39. Bg8 Bc4 0-1